Melódie strieborného plátna 4

Bibliographic Details
Format: Book
Language:Slovak
PhysicalDescription:1 magnetofónová kazeta stereo
Published: Bratislava Reader's Digest Výber 1998
Subjects:

MARC

LEADER 00000nam a2200000 a 4500
001 vtls001354567
003 SK-MaSNL
005 20260301200913.0
008 130606s1999 xo 0 slo
015 |a SNBJ1999/02-00990 
035 |a SNK000308010 
040 |a SNK  |b slo  |c SNK  |e AACR2 
044 |a xo  |c SK 
080 |a 785:791.43(086.7)  |2 1981 
080 |a 791.43  |2 1981 
245 1 |a Melódie strieborného plátna  |h zvukový dokument  |n 4 
260 |a Bratislava  |b Reader's Digest Výber  |c 1998 
300 |a 1 magnetofónová kazeta  |b stereo 
505 0 |a Obsahuje 20 skl. 
650 0 7 |a hudba z filmov  |x kazety magnetofónové  |2 SNK  |9 459072 
655 7 |a magnetofónové kazety  |2 SNK  |9 70693 
999 |c 892581  |d 894511 
952 |t P60, <03>, [BOOK], {603}  |a SNK  |b SNK  |y PREZ  |7 0  |p 17A0179976  |o snkK 2124/4  |i snkJK 25/99  |0 0  |1 0  |4 0  |d 1999-02-05  |l 0  |r 2005-01-02 00:00:00  |w 2026-02-24